01350nam a2200397 u 4500001000800000005001700008007001000025008004100035020001800076035001200094040001300106041000800119082000800127100007900135245007600214260007000290300001300360650003900373650002900412650003300441650002100474650002100495650000900516650003400525650003500559650002500594650003400619650002700653700003000680700003300710700002700743700008400770700003700854700003100891700003000922122496120260508070505.0co|||||||101124s2010 spa  a9789586955454 a1224961 ccomduadb aspa 4a34210aHerdegen, Matthías4edt0(isni)ISNI - 0000 0001 1740(viaf)14860441eedt10aConstitucionalizacion del orden juridico : Alemania-Colombia : memorias aBogotá :bUniversidad de los Andes. Facultad de Derecho,c2010. a1 CD-ROM 7aAdministración de justicia2lemb 7aDerecho probatorio2lemb 7aDerecho constitucional2lemb 7aDemocracia2lemb aProporcionalidad aJuez aJurisdicción constitucional 7aDiscriminación laboral2lemb aSistemas jurídicos aJurisprudencia constitucional 7aDerechos humanos2lemb10aWeber, Albrecht4edteedt10aMuñoz, Ana Maria4edteedt10aDuran, Diana4edteedt 0aCifuentes Muñoz, Eduardo4edt0(isni)0000 0000 7989 85110(viaf)33471148eedt10aLópez Sterup, Henrik4edteedt10aSierich, Claudia4trletrl10aNicotera, Ruben4trletrl